000 00683nam a22002897a 4500
005 20250701132132.0
008 190122b2008 xxu||||| |||| 00| 0 spa d
020 _a9789681871819
041 _aESP
082 _a005.58 S454p
100 _aSegura, Elena
245 _aPower Point 2007
260 _aMéxico
260 _bLimusa
260 _c2008
300 _a296 páginas
490 _aTemática General
650 _aCOMPUTACIÓN
650 _aPROGRAMAS PARA COMPUTADOR
650 _aPOWER POINT
650 _aGRÁFICOS POR COMPUTADORA
650 _aPRESENTACIONES
650 _aDIAPOSITIVAS
650 _aTEXTO
650 _aIMÁGENES
942 _cBK
_2ddc
999 _c11580
_d11580